000 00288nam a22001337a 4500
003 SGT
082 _a616.5
_bC14G
100 _aGUPTA, RAMJI
245 _aCOMPREHENSIVE DERMATOLOGY
260 _aINDIA
_bANE BOOKS
_c2014
300 _a202
650 _aDERMATOLOGY
942 _2ddc
_cBK
_01
999 _c14604
_d14604